00556 2200193 4500001002100000005001500021035002000036007000300056008004100059020001800100082001200118084001800130100001500148245002100163260003300184500011700217650001100334856001700345INLIS00000000000028220220329095915 a0010-0322000080ta220329 g 0 ind  a9786028382151 a297.125 a297.125 FAH s0 aFahmi Hadi1 a100 Hadits Qudsi aJakarta :bMegah Jaya,c2009 aAl-Qur'an dan hadits merupakan sumber ajaran islam yang selalu berdampingan, saling menguatkan diantara keduanya 4ahadits aKoleksi Umum